书目信息 |
| 题名: |
科学教育研究手册
|
|
| 作者: | 莱德曼 , 埃布尔 主编 ;李秀菊 , 刘晟 , 姚建欣 翻译 | |
| 分册: | 下卷 | |
| 出版信息: | 北京 外语教学与研究出版社 2022 |
|
| 页数: | 767-1341页 | |
| 开本: | 29cm | |
| 丛书名: | ||
| 单 册: | ||
| 中图分类: | G40-034 | |
| 科图分类: | ||
| 主题词: | 科学教育学--手册 | |
| 电子资源: | ||
| ISBN: | 978-7-5213-3355-8 | |
| 000 | 01362nam0 2200313 450 | |
| 001 | 012027347 | |
| 005 | 20241025093540.80 | |
| 010 | @a978-7-5213-3355-8@dCNY268.00 | |
| 100 | @a20241025d2022 em y0chiy50 ea | |
| 101 | 1 | @achi@ceng |
| 102 | @aCN@b110000 | |
| 105 | @ay z 001yy | |
| 106 | @ar | |
| 200 | 1 | @a科学教育研究手册@Ake xue jiao yu yan jiu shou ce@h下卷@e扩增版@f(美) 诺曼·莱德曼 (Norman G. Lederman), (美) 桑德拉·埃布尔 (Sandra K. Abell) 主编@g李秀菊, 刘晟, 姚建欣主持翻译 |
| 210 | @a北京@c外语教学与研究出版社@d2022 | |
| 215 | @a767-1341页@d29cm | |
| 300 | @a中国科学研究所资助 | |
| 305 | @a由Taylor&Francis出版集团旗下的Routledge出版公司授权出版 | |
| 330 | @a本书分为科学课程与测评、科学教师培养两部分,内容包括:美国科学课程改革史、科学课堂中的科学实践与探究、科学本质的教与学研究、科学教师知识的研究、学习教授科学课程等。 | |
| 510 | 1 | @aHandbook of research on science education@hVolume II@zeng |
| 606 | 0 | @a科学教育学@j手册 |
| 690 | @aG40-034@v5 | |
| 701 | 1 | @a莱德曼@Alai de man@g(Lederman, Norman G.)@4主编 |
| 701 | 1 | @a埃布尔@Aai bu er@g(Abell, Sandra K.)@4主编 |
| 702 | 0 | @a李秀菊@Ali xiu ju@f(1981~)@4翻译 |
| 702 | 0 | @a刘晟@Aliu sheng@4翻译 |
| 702 | 0 | @a姚建欣@Ayao jian xin@4翻译 |
| 801 | 0 | @aCN@bAHXH@c20241025 |
| 905 | @b214159578@b214159569@b214159550@b214159541@b214159532@b214154760@f6@dG40-034@e1537:2 | |
| 科学教育研究手册.下卷:扩增版/(美) 诺曼·莱德曼 (Norman G. Lederman), (美) 桑德拉·埃布尔 (Sandra K. Abell) 主编/李秀菊, 刘晟, 姚建欣主持翻译.-北京:外语教学与研究出版社,2022 |
| 767-1341页;29cm |
| 中国科学研究所资助 |
| ISBN 978-7-5213-3355-8:CNY268.00 |
| 本书分为科学课程与测评、科学教师培养两部分,内容包括:美国科学课程改革史、科学课堂中的科学实践与探究、科学本质的教与学研究、科学教师知识的研究、学习教授科学课程等。 |
| ● |
| 相关链接 |
|
|
|
|
正题名:科学教育研究手册
索取号:G40-034/1537:2
 
预约/预借
| 序号 | 登录号 | 条形码 | 馆藏地/架位号 | 状态 | 备注 |
| 1 | 1415476 | 214154760 | 第一样本阅览室/ [索取号:G40-034/1537:2] | 在馆 | |
| 2 | 1415953 | 214159532 | 第四借阅区/ [索取号:G40-034/1537:2] | 在馆 | |
| 3 | 1415954 | 214159541 | 第四借阅区/ [索取号:G40-034/1537:2] | 在馆 | |
| 4 | 1415955 | 214159550 | 第四借阅区/ [索取号:G40-034/1537:2] | 在馆 | |
| 5 | 1415956 | 214159569 | 第四借阅区/ [索取号:G40-034/1537:2] | 在馆 | |
| 6 | 1415957 | 214159578 | 第四借阅区/ [索取号:G40-034/1537:2] | 在馆 |